000
00298nam a22001337a 4500
008
180216b xxu||||| |||| 00| 0 eng d
020
_a
9780761917243
041
_a
eng
080
_a
371
100
_a
46
101
_a
EDU
245
_a
The Art&Craft of Case Writing
_c
Naumes, W
942
_2
udc
_c
BK
999
_c
42809
_d
42809